00679nam a2200205Ia 4500008004100000020001800041022001500059040001300074082001600087245012000103250001100223260003600234300003600270500005000306650003100356650002200387650002400409700002200433700001800455191130s2009##################000#0#eng## a9781420062601 a2008040756 aACLcACL a577.786 AMI aEnvironmental assessment of estuarine ecosystems : a case studycedited by Claude Amiard-Triquet, Philip S. Rainbow a1st ed aBoca Raton, FLbCRC Pressc2009 axi, 355 p. : ill., maps ; 25 cm aIncludes bibliographical references and index aEcological risk assessment aEstuarine ecology aEstuarine pollution aAmiard-Triquet, C aRainbow, P. S